Tweleve Little Plays / (Record no. 4238)
[ view plain ]
| 000 -LEADER | |
|---|---|
| fixed length control field | 00636nam a2200241 a 4500 |
| 001 - CONTROL NUMBER | |
| JCCL Control Number | 4238 |
| 003 - CONTROL NUMBER IDENTIFIER | |
| JCCL marc code | BD-JhCC |
| 005 - DATE AND TIME OF LATEST TRANSACTION | |
| control field | 20171125165616.0 |
| 008 - FIXED-LENGTH DATA ELEMENTS--GENERAL INFORMATION | |
| fixed length control field | 171125s1960 enka|||| |||| 000 0 eng d |
| 035 ## - SYSTEM CONTROL NUMBER | |
| system control number | (BD-JhCC)4238 |
| 040 ## - CATALOGING SOURCE | |
| Original cataloging agency | BD-JhCC |
| Modifying agency | BD-JhCC |
| 041 ## - LANGUAGE CODE | |
| Language code of Book | eng |
| 082 ## - DEWEY DECIMAL CLASSIFICATION NUMBER | |
| Classification number | 823.914 |
| Author mark and Year | STA 1960 |
| 100 ## - MAIN ENTRY--PERSONAL NAME | |
| Personal name | Stanines, Gladys |
| 245 ## - TITLE STATEMENT | |
| Title | Tweleve Little Plays / |
| Statement of responsibility, etc | Gladys Staines. |
| 260 ## - PUBLICATION, DISTRIBUTION, ETC. (IMPRINT) | |
| Place of publication, distribution, etc | London : |
| Name of publisher, distributor, etc | Ginn and Company Ltd., |
| Date of publication, distribution, etc | c1960 |
| 300 ## - PHYSICAL DESCRIPTION | |
| Pagination | 111 p. ; |
| Other physical details | illus., |
| Dimensions | 19 cm. |
| 490 ## - SERIES STATEMENT | |
| Series statement | Book Five Stage |
| 500 ## - GENERAL NOTE | |
| General note | Illustrated by George w. Adamson |
| 650 ## - SUBJECT ADDED ENTRY--TOPICAL TERM | |
| Topical term or geographic name as entry element | English Stories |
| 942 ## - ADDED ENTRY ELEMENTS (KOHA) | |
| Source of classification or shelving scheme | Dewey Decimal Classification |
| Koha item type | Books |
| Source of classification or shelving scheme | Damaged status | Not for loan | Home library | Current library | Shelving location | Date of accession | Total Checkouts | Full call number | Barcode | Date last seen | Copy number | Koha item type |
|---|---|---|---|---|---|---|---|---|---|---|---|---|
| Dewey Decimal Classification | JCC Rouf Library | JCC Rouf Library | General Stacks | 11/25/2017 | 823.914 STA 1960 | 6002 | 11/25/2017 | C-1 | Books |